Gradazioni di colore - Bianco - Statistics

Statistiche generali
  • Questo quiz è stato fatto 22 volte
  • Il punteggio medio è 1 su 10
Statistiche sulle risposte
Colore Gradazione % Corretto
Bianco Avorio
70%
Bianco Cosmic latte
60%
Bianco Bianco antico
0%
Bianco Bianco anti-flash
0%
Bianco Bianco di titanio
0%
Bianco Bianco di zinco
0%
Bianco Bianco fantasma
0%
Bianco Bianco floreale
0%
Bianco Bianco fumo
0%
Bianco Bianco Navajo
0%
Nessun quiz corrispondente trovato
Distribuzione punteggi
Percentuale di utenti per punteggio
Percentile per numero di risposta
I tuoi punteggi nel tempo
Non hai fatto questo quiz